|
|
|
|
| LEADER |
01031nam a2200265 u 4500 |
| 001 |
10026892 |
| 003 |
upatras |
| 005 |
20210117205953.0 |
| 008 |
950925s1991 ge eng |
| 020 |
|
|
|a 3540519645
|q (Πανόδετο)
|
| 040 |
|
|
|a GR-PaULI
|c GR-PaULI
|
| 041 |
0 |
|
|a eng
|
| 050 |
|
4 |
|a 90-38242
|
| 245 |
1 |
0 |
|a What is integrability?
|c V. E. Zakharov (Ed.) ; With contributions by F. Calogero...[etc]
|
| 260 |
|
|
|a Berlin
|b Springer Verlag
|c 1991
|
| 300 |
|
|
|a xiv, 321 p.
|
| 490 |
0 |
|
|a Springer series in nonlinear dynamics
|
| 505 |
1 |
|
|a includes appendix . - references . - index
|
| 650 |
|
4 |
|a Δυναμικά συστήματα
|9 394
|
| 700 |
1 |
|
|a Zakharov, V. E.
|9 62769
|
| 760 |
1 |
|
|a Springer series in nonlinear dynamics
|
| 852 |
|
|
|a GR-PaULI
|b ΠΑΤΡΑ
|b ΦΥΣΙΚΟ
|k ΑΕΧ-1
|h 531.3 ZAK
|m 04601
|p 025000018548
|t 1
|
| 942 |
|
|
|2 ddc
|c BK15
|
| 952 |
|
|
|0 0
|1 0
|4 0
|6 531_300000000000000_ZAK
|7 0
|9 197267
|a PHYS
|b PHYS
|d 2016-04-24
|i 04601
|l 0
|o 531.3 ZAK
|p 025000018548
|r 2016-04-24 00:00:00
|t 1
|w 2016-04-24
|y BK15
|
| 999 |
|
|
|c 121088
|d 121088
|